Národní divadlo zblízka /

Main Author: Svoboda, Jaromír, 1917-1992
Other Authors: Koutecká, Libuše
Language: Russian
German
French
Czech
English
Published: Praha : Panorama, 1987
Edition: 1. vyd.
Series: Fotografie (Panorama)
Online Access: Digitalizovaný dokument
Physical Description: 181 s.
Book
Saved in:
LEADER 01674nam a22003732a 4500
001 000099210
003 CZ BrMZK
005 20150629104233.0
007 ta
008 960707s1987 xr f cze d
015 |a cnb000035291 
040 |a BOA001  |b cze 
041 0 |a cze  |a eng  |a fre  |a ger  |a rus  |b eng  |b fre  |b ger  |b rus 
080 9 |a 77"19" 
080 9 |a 929 Svoboda, Jaromír 
080 9 |a 792 Národní divadlo 
080 9 |a 792.071.028 
100 1 |a Svoboda, Jaromír,  |d 1917-1992  |7 jk01121978  |4 pht 
245 1 0 |a Národní divadlo zblízka /  |c fotografie Jaromír Svoboda ; sestavila Libuše Koutecká ; úv. naps. Ludvík Baran, medailón fotografa Miroslav Horníček ; texty Karla Jerneka ... [et al.] ; seznam inscenací zprac. Václav Štěpán 
250 |a 1. vyd. 
260 |a Praha :  |b Panorama,  |c 1987 
300 |a 181 s. 
490 1 |a Fotografie 
700 1 |a Koutecká, Libuše  |7 hka2012702340  |4 com 
830 0 |a Fotografie (Panorama)  |0 s 
856 4 1 |u http://www.digitalniknihovna.cz/mzk/uuid/uuid:b20ceb20-855d-11e2-b238-005056827e52  |y Digitalizovaný dokument  |x NDK 
910 |a BOA001  |b PK-N-0026.952  |b 3-0924.703  |b TK-A-0236.491 
964 |a Praha - Národní divadlo - publikace obrazové 
990 |a BK 
991 |b 200702 
996 6 |b 2618707579  |c 3-0924.703  |l MZK  |r Sklad / do 1 hodiny  |n 0  |w 000099210  |u 000040  |a 1  |e BOA001  |j MZK50  |s P 
996 6 |b 2619526415  |c 3-0924.703  |l MZK  |r Sklad / do 1 hodiny  |n 1  |w 000099210  |u 000020  |a 1  |e BOA001  |j MZK50  |s P 
996 7 |b 3119965766  |c PK-N-0026.952  |l MZK  |r Sklad / do 1 hodiny  |n 6  |w 000099210  |u 000010  |a 1  |e BOA001  |j MZK50  |s A 
996 6 |b BC-430353  |c TK-A-0236.491  |l MZK  |r Sklad / do 24 hodin  |n 0  |w 000099210  |u 000030  |a 1  |e BOA001  |j MZK50  |s P